000 00759nam a2200193 a 4500
003 0
005 20250312103820.0
008 090709s19uu xx 00 eng d
050 _aPHS LB 3609
_b.Sa195 2009
100 _aSan Juan, Monica.
245 _aParental pressure and academic performance of third year Bachelor of Science Nursing students of Southville International School and Colleges /
_cMonica San Juan.
260 _aLas PiƱas City, Philippines :
_bSouthville International School and Colleges,
_c2009.
300 _a24 pages :
_billustrations ;
_c28 cm.
504 _aIncludes bibliographical references.
650 _aNursing students
_xPsychology.
650 _aPressure (Psychology).
650 _aAcademic achievement.
942 _2lcc
_cPASS
999 _c98272
_d98272